Základné ukazovatele za vybrané trhové služby 2000

Uložené v:
Podrobná bibliografia
Médium: Kniha
Jazyk:Slovak
English
Vydavateľské údaje: Bratislava Štatistický úrad Slovenskej republiky 2001
Edícia:Vnútorný obchod a služby
Predmet:
Tagy: Pridať tag
Žiadne tagy, Buďte prvý, kto otaguje tento záznam!

MARC

LEADER 00000nam a2200000 4500
001 c124366
005 20260220072839.6
041 0 |a slo 
041 0 |a eng 
044 |a SK 
245 1 0 |a Základné ukazovatele za vybrané trhové služby 2000 
264 1 |a Bratislava  |b Štatistický úrad Slovenskej republiky  |c 2001 
300 |a 60 s. 
490 1 |a Vnútorný obchod a služby 
830 0 |a Vnútorný obchod a služby 
610 2 0 |a Slovensko 
610 2 0 |a služby trhové